| 000 | 01243cam a22003493a 4500 | ||
|---|---|---|---|
| 001 | 23068 | ||
| 003 | PGUSA | ||
| 005 | 20140828083506.0 | ||
| 008 | 071017s2007||||xxu|||||s|||||000 1 eng d | ||
| 040 |
_aPGUSA _beng |
||
| 042 | _adc | ||
| 050 | 4 | _aPZ | |
| 100 | 1 |
_aKingston, William Henry Giles, _d1814-1880 |
|
| 245 | 1 | 0 |
_aMy First Cruise ; _band, other stories _h[electronic resource] / _cWilliam Henry Giles Kingston |
| 260 |
_bProject Gutenberg, _c2007 |
||
| 505 | 0 | _aMy first cruise / by W.H.G. Kingston -- The travelling tin-man / by Miss Leslie -- The beautiful gate -- The chimaera / by N. Hawthorne. | |
| 506 | _aPublic domain in the USA. | ||
| 516 | _aElectronic text | ||
| 653 | _aCastaways -- Juvenile fiction | ||
| 653 | _aAdventure and adventurers -- Juvenile fiction | ||
| 653 | _aFantasy | ||
| 653 | _aPeddlers -- Juvenile fiction | ||
| 653 | _aFarm life -- Juvenile fiction | ||
| 653 | _aMinstrels -- Juvenile fiction | ||
| 653 | _aBlind -- Juvenile fiction | ||
| 653 | _aSailors -- Juvenile fiction | ||
| 653 | _aPennsylvania -- Juvenile fiction | ||
| 653 | _aSouth America -- Juvenile fiction | ||
| 830 | 0 |
_aProject Gutenberg _v23068 |
|
| 856 | 4 | 0 | _uhttp://www.gutenberg.org/ebooks/23068 |
| 942 | _cEB | ||
| 999 |
_c252323 _d252323 |
||